Discalculia escolar.
Saved in:
| 主要作者: | |
|---|---|
| 其他作者: | , |
| 格式: | 未知 |
| 出版: |
Madrid, España:
Ciencias de la educación prescolar y especial (CEPE),
2012.
|
| 叢編: | Colección Educación Especial y Dificultades del Aprendizaje;
|
| 主題: | |
| 標簽: |
添加標簽
沒有標簽, 成為第一個標記此記錄!
|
MARC
| LEADER | 00000 a2200000 4500 | ||
|---|---|---|---|
| 003 | CL-VaPUC | ||
| 005 | 20230718074447.0 | ||
| 008 | 230630t2012 ||||| |||| 00| 0 eng d | ||
| 999 | |c 440867 |d 440865 | ||
| 020 | |a 978-8478698530 | ||
| 040 | |c Pontificia Universidad Católica de Valparaíso | ||
| 082 | 7 | |a 371.90447 FER 2012 |2 22 | |
| 100 | |a Fernández Baroja, Fernanda |9 340085 |e autora | ||
| 245 | |a Discalculia escolar. | ||
| 260 | |a Madrid, España: |b Ciencias de la educación prescolar y especial (CEPE), |c 2012. | ||
| 300 | |a 294 páginas. | ||
| 490 | |a Colección Educación Especial y Dificultades del Aprendizaje; |n 11. | ||
| 583 | |k GC |c 20230630 | ||
| 650 | |a Discalculia |9 528650 | ||
| 650 | 0 | |a Didáctica de la matemática |9 560854 | |
| 650 | 0 | |a Matemática |x Dificultades del aprendizaje |9 260235 | |
| 700 | |a Llopis Paret, Ana María |9 340086 |e autora | ||
| 700 | |a Pablo Marco, Carmen |9 446776 |e autora | ||
| 942 | |2 ddc |c BK | ||
| 952 | |0 0 |1 0 |2 ddc |4 0 |6 371_904470000000000_FER_2012 |7 0 |8 A |9 590628 |a BIBEDU |b BIBEDU |c GEN |d 2023-06-29 |e 3 |g 22600.00 |i 5657844 |l 1 |o 371.90447 FER 2012 |p 5657844 |r 2023-08-18 |s 2023-08-14 |t 2 |v 22600.00 |w 2023-06-29 |y BK |k EDI | ||
| 952 | |0 0 |1 0 |2 ddc |4 0 |6 371_904470000000000_FER_2012 |7 0 |8 A |9 590629 |a BIBEDU |b BIBEDU |c GEN |d 2023-06-29 |e 3 |g 22600.00 |i 5657843 |o 371.90447 FER 2012 |p 5657843 |r 2023-06-29 |t 1 |v 22600.00 |w 2023-06-29 |y BK |k EDI | ||